Представление документа в формате RUSMARC

ПолеНазваниеЗначение
  Тип записи a
  Библиографический уровень m
001 Контрольный номер UONB/MAIN/7e06f8f0e29c455cbba024e74b87d399
005 Дата корректировки 20260417172702.6
010 Индекс ISBN __
d Цена 1 р. 35 к.
100 Данные общей обработки __
a Данные общей обработки 20260409d1913 u y0rusy0189 ca
101 Язык документа 0_
a Язык текста rus
102 Страна публикации __
a Страна публикации RU
105 Кодированные данные (монография) __
a Кодированные данные (монография) y z 001yy
200 Заглавие и сведения об ответственности 1_
a Заглавие Очерки быта приаянских тунгусов
e Сведения, относящиеся к заглавию с картами и одной таблицей
e Сведения, относящиеся к заглавию (доложено в заседании Историко-филологического отделения 10 ноября 1911 г.)
f Первые сведения об ответственности Э. К. Пекарский, В. П. Цветков
210 Выходные данные 1_
d Дата издания 1913
215 Физическое описание __
a Объем 127 с.
c Иллюстрации/тип воспроизводства ил., карт.
461 Уровень набора _0
1 2001
a Сборник Музея антропологии и этнографии
v Т. 2, вып. 1
1 2101
a Санкт-Петербург
c Наука, Санкт-Петербургское отделение
d 1900-
1 300
a Доп. тит. л. фр.
1 001UONB/MAIN/77ff1e0278f642a191f97e1f573595f3
1 203
a Текст
b визуальный
c непосредственный
1 215
d 30 см
1 71002
a Музей антропологии и этнографии им. Петра Великого (Санкт-Петербург)
4 570
606 Тематические рубрики 0_
a Основная рубрика Народы Севера
x Основная подрубрика Быт и культура
610 Ключевые слова 0_
a Ключевые слова музеи антропологии и этнографии; тунгусы приаянские; быт народов Севера
686 Индексы других классификаций __
2 Код системы rubbk
686 Индексы других классификаций __
a Классификационный индекс 63.521(=65)-7
2 Код системы rubbk
700 Автор _1
a Фамилия Пекарский
b Имя (инициалы) Э. К.
701 Альтернативная интеллектуальная ответственность _1
a Фамилия Цветков
b Имя (инициалы) В. П.
801 Источник записи _0
a Страна RU
b Организация Ульяновская ОНБ
c Дата составления 20260409
g Правила каталогизации RCR
801 Источник записи _1
a Страна RU
b Организация Ульяновская ОНБ
c Дата составления 20260409
g Правила каталогизации RCR
901 Тип документа __
t Тип документа n
w Контрольный № источника UONB/MAIN/77ff1e0278f642a191f97e1f573595f3
909 Создатель записи __
a Создатель записи Моргунова
b Дата создания записи 20260409